000 00563nam a2200217 a 4500
001 BRCA_3676
005 20190320204358.0
008 030909s1995----gr-a---###---#000-0#spa-#
041 _aspa
044 _agr
050 4 _aBL781
_b.K65 1995
100 1 _aKokkinou, Sophia
_99543
245 1 0 _aMitología griega
_cSophia Kokkinou ; traducción Graciela Feller.
250 _a3
260 _aGrecia
_c1995
300 _a109 p.
_bil. a color
_c21 cm.
650 1 4 _aMitología griega
_92669
700 1 _aFeller, Graciela
_99544
902 _aREF
942 _2lcc
_cB
999 _c3408
_d3408